| 000 | 00524nam a22001937a 4500 | ||
|---|---|---|---|
| 003 | OSt | ||
| 005 | 20140310182755.0 | ||
| 008 | 130205t xxu||||| |||| 00| 0 eng d | ||
| 020 | _a9780415584890 | ||
| 050 |
_aP 306 _b.M86 2012 |
||
| 100 | _aMunday, Jeremy | ||
| 245 |
_aIntroducing translation studies : _cMunday, Jeremy _btheories and applications / |
||
| 250 | _a3rd ed. | ||
| 260 |
_aLondon : _bRoutledge, _c2008. |
||
| 300 |
_a236 p. : _c24 cm. _bill. ; |
||
| 562 | _e1 | ||
| 942 |
_2lcc _cBK _kFOR |
||
| 999 |
_c15827 _d15827 |
||